000 00302nam a22001337a 4500
008 180105b xxu||||| |||| 00| 0 eng d
020 _a9780838505427
041 _aeng
080 _a610
100 _a4
101 _aSHM
245 _aBasic & Clinical Biostatistics
_cSaunders, B.D
942 _2udc
_cBK
999 _c39807
_d39807